[Event "aut_ych0810_2008"]
[Site "Scharzach - St. Veit"]
[Date "2008.06.07"]
[Round "4.7"]
[White "Högl, Emanuel"]
[Black "Goetz, Christoph"]
[Result "1/2-1/2"]
[WhiteElo "1356"]
[BlackElo "1282"]
[PlyCount "139"]
[EventDate "2008.06.06"]

1. c4 e5 2. e3 Bb4 3. a3 Bc5 4. b4 Be7 5. Bb2 Bf6 6. Be2 Ne7 7. Qc2 Ng6 8. Nf3
d6 9. O-O O-O 10. d4 Nc6 11. d5 Nce7 12. Nbd2 Bf5 13. Bd3 e4 14. Bxe4 Bxb2 15.
Qxb2 Bxe4 16. Nxe4 Nf5 17. Rab1 Nfh4 18. Nxh4 Qxh4 19. Nd2 Qg5 20. Ne4 Qg4 21.
Ng3 c6 22. dxc6 bxc6 23. Qd4 Qxd4 24. exd4 Rab8 25. h3 h6 26. c5 dxc5 27. dxc5
Ne5 28. Ne4 Nc4 29. Ra1 Ra8 30. Rfc1 Ne5 31. Nd6 Rfd8 32. Nc4 Nxc4 33. Rxc4 a5
34. Rcc1 Kh7 35. Kh2 g5 36. Rd1 Rxd1 37. Rxd1 axb4 38. axb4 Ra4 39. Rd7 Kg6 40.
Rd6+ f6 41. Rxc6 Rxb4 42. Rb6 Rc4 43. Rc6 Kf5 44. g4+ Ke5 45. Kg3 Kd5 46. Rxf6
h5 47. Rf5+ Kc6 48. Rxg5 Rc3+ 49. Kh4 Kd7 50. Rxh5 Ke7 51. Re5+ Kf6 52. Re3
Rxc5 53. Rf3+ Kg6 54. Rg3 Rc4 55. Rd3 Rc2 56. f4 Rc4 57. Rd6+ Kf7 58. Kh5 Rxf4
59. h4 Kg7 60. Kg5 Ra4 61. Rd7+ Kf8 62. h5 Kg8 63. Re7 Ra6 64. Kh4 Ra5 65. h6
Kh8 66. g5 Kg8 67. h7+ Kh8 68. Kh5 Ra6 69. g6 Rxg6 70. Kxg6 1/2-1/2

[Event "aut_ych0810_2008"]
[Site "Scharzach - St. Veit"]
[Date "2008.06.07"]
[Round "4.8"]
[White "Zoehrer, Gregor"]
[Black "Hoeffernig, Leon"]
[Result "1-0"]
[WhiteElo "1394"]
[BlackElo "1200"]
[PlyCount "52"]
[EventDate "2008.06.06"]

1. e4 e5 2. Nf3 d6 3. Bc4 Nc6 4. h3 Bd7 5. d3 h6 6. Nc3 Nf6 7. Be3 Be7 8. O-O
O-O 9. Nd5 Be6 10. Nxf6+ Bxf6 11. Bb5 Ne7 12. c3 c6 13. Ba4 b5 14. Bb3 d5 15.
exd5 cxd5 16. d4 Nc6 17. a4 a6 18. axb5 axb5 19. Rxa8 Qxa8 20. Qd3 Qb8 21. Ra1
exd4 22. cxd4 Nxd4 23. Bxd4 Bxd4 24. Nxd4 Qf4 25. Bc2 g6 26. Nxe6 fxe6 1-0

[Event "aut_ych0810_2008"]
[Site "Scharzach - St. Veit"]
[Date "2008.06.07"]
[Round "5.1"]
[White "Huber, Martin Christian"]
[Black "Calovi, Luca"]
[Result "1-0"]
[WhiteElo "1686"]
[BlackElo "1363"]
[PlyCount "61"]
[EventDate "2008.06.06"]

1. d4 d5 2. c4 e6 3. Nc3 Nf6 4. cxd5 exd5 5. Bg5 Be7 6. e3 O-O 7. Bd3 Be6 8.
Qc2 g6 9. Nf3 c5 10. dxc5 Bxc5 11. O-O Nbd7 12. Rad1 Qb6 13. Na4 Qc7 14. Nxc5
Nxc5 15. Bxf6 Bg4 16. Be2 Bf5 17. Qc3 Qb6 18. Bd4 Rac8 19. b4 Na4 20. Qxc8 Rxc8
21. Bxb6 Nc3 22. Bd4 Nxe2+ 23. Kh1 Nxd4 24. Nxd4 Be4 25. f3 Bc2 26. Rc1 Bf5 27.
Nxf5 Rxc1 28. Ne7+ Kf8 29. Nxg6+ hxg6 30. Rxc1 Ke7 31. Rc7+ 1-0

[Event "aut_ych0810_2008"]
[Site "Scharzach - St. Veit"]
[Date "2008.06.07"]
[Round "5.2"]
[White "Gludovatz, Lukas"]
[Black "Hofer, Maximilian"]
[Result "1/2-1/2"]
[WhiteElo "1481"]
[BlackElo "1423"]
[PlyCount "107"]
[EventDate "2008.06.06"]

1. e4 e5 2. Nf3 Nc6 3. Bc4 Bc5 4. Nc3 Nf6 5. d3 d6 6. Be3 Bxe3 7. fxe3 Bg4 8.
h3 Bh5 9. g4 Bg6 10. Qe2 Qd7 11. O-O-O O-O-O 12. Rhg1 h6 13. Rg2 Rhg8 14. Rdg1
h5 15. g5 Nh7 16. h4 Nf8 17. d4 exd4 18. exd4 Ne6 19. Qd2 Ne7 20. d5 Nc5 21. e5
Kb8 22. exd6 cxd6 23. Re1 Nc8 24. Kb1 Nb6 25. Bb3 Rc8 26. Ka1 Nca4 27. Nxa4
Nxa4 28. Bxa4 Qxa4 29. c3 Qd7 30. Nh2 Qb5 31. Re7 Rc5 32. Qc1 Rxd5 33. c4 Rc5
34. b3 Qc6 35. Rge2 Re5 36. R2xe5 dxe5 37. Rxe5 f6 38. gxf6 Qxf6 39. Qg5 Qd6
40. Qf4 Qc7 41. Qg3 Bh7 42. Re3 Qxg3 43. Rxg3 Bf5 44. Rg5 Rd8 45. Rg1 Re8 46.
Nf1 Rg8 47. Ng3 Rf8 48. Rf1 Kc7 49. Kb2 Kd6 50. Kc3 Ke5 51. Kd2 Rd8+ 52. Ke3
Rd3+ 53. Kf2 Bh3 54. Re1+ 1/2-1/2

[Event "aut_ych0810_2008"]
[Site "Scharzach - St. Veit"]
[Date "2008.06.07"]
[Round "5.3"]
[White "Hofer, Emilian"]
[Black "Petrik-Schweifer, Adam"]
[Result "1/2-1/2"]
[WhiteElo "1603"]
[BlackElo "1315"]
[PlyCount "51"]
[EventDate "2008.06.06"]

1. e4 e5 2. Nf3 Nc6 3. Bb5 Nf6 4. O-O Bc5 5. d3 O-O 6. Nc3 d6 7. h3 Be6 8. Re1
Qe7 9. Be3 Bxe3 10. fxe3 Rfe8 11. d4 Rad8 12. d5 a6 13. Bd3 Bd7 14. dxc6 Bxc6
15. Nd5 Nxd5 16. exd5 Bxd5 17. Bxh7+ Kxh7 18. Qxd5 c6 19. Qd3+ e4 20. Qe2 exf3
21. Qxf3 Qg5 22. Re2 Re7 23. Rae1 Rde8 24. c3 Kg8 25. Kf1 f5 26. Qf4 1/2-1/2

[Event "aut_ych0810_2008"]
[Site "Scharzach - St. Veit"]
[Date "2008.06.07"]
[Round "5.4"]
[White "Steiner, Martin"]
[Black "Kaschka, Jonas"]
[Result "1-0"]
[WhiteElo "1377"]
[BlackElo "1437"]
[PlyCount "33"]
[EventDate "2008.06.06"]

1. e4 e5 2. Nf3 Nc6 3. d4 exd4 4. Nxd4 Bb4+ 5. Nc3 Nf6 6. Nxc6 dxc6 7. Qxd8+
Kxd8 8. Bd3 Bxc3+ 9. bxc3 Re8 10. f3 Nd7 11. O-O Nc5 12. Bc4 f5 13. Ba3 Na4 14.
Rad1+ Bd7 15. exf5 Nxc3 16. Rd3 Na4 17. Be6 1-0

[Event "aut_ych0810_2008"]
[Site "Scharzach - St. Veit"]
[Date "2008.06.07"]
[Round "5.5"]
[White "Proyer, Enno"]
[Black "Jakob, Tobias"]
[Result "1/2-1/2"]
[WhiteElo "1372"]
[BlackElo "1319"]
[PlyCount "101"]
[EventDate "2008.06.06"]

1. e4 c5 2. Nf3 Nc6 3. d4 cxd4 4. Nxd4 g6 5. Nc3 Bg7 6. Be3 Nf6 7. Be2 d6 8.
Nxc6 bxc6 9. Qd2 O-O 10. O-O-O Ng4 11. Bxg4 Bxg4 12. f3 Be6 13. h4 h5 14. Rdg1
Qa5 15. a3 Rab8 16. g4 Rb7 17. Bd4 Rfb8 18. Bxg7 Kxg7 19. Qd4+ Kg8 20. Qa4 Qc5
21. gxh5 Qxh5 22. Rg3 Rxb2 23. Qxa7 Qe5 24. f4 Qxf4+ 25. Qe3 Qxe3+ 26. Rxe3 d5
27. Kd2 d4 28. Rg3 dxc3+ 29. Kxc3 R2b5 30. h5 g5 31. a4 Rc5+ 32. Kd4 Rc4+ 33.
Kd3 f6 34. e5 Rxa4 35. exf6 exf6 36. h6 Ra3+ 37. c3 Rbb3 38. h7+ Kh8 39. Kd2
Ra2+ 40. Kd3 Bf5+ 41. Kc4 Rb7 42. Re3 Rxh7 43. Re8+ Kg7 44. Re7+ Kf8 45. Rexh7
Bxh7 46. Rxh7 g4 47. Rh1 Rg2 48. Kc5 g3 49. Kxc6 Rh2 50. Rd1 g2 51. Rg1 1/2-1/2

[Event "aut_ych0810_2008"]
[Site "Scharzach - St. Veit"]
[Date "2008.06.07"]
[Round "5.6"]
[White "Gerhold, Florian"]
[Black "Zoehrer, Gregor"]
[Result "1-0"]
[WhiteElo "1388"]
[BlackElo "1394"]
[PlyCount "29"]
[EventDate "2008.06.06"]

1. e4 d5 2. exd5 Qxd5 3. Nc3 Qa5 4. d4 Nf6 5. Bc4 Bf5 6. Bd2 c6 7. h3 Qd8 8.
Nf3 Nbd7 9. Ng5 e6 10. O-O Bd6 11. Re1 O-O 12. Qf3 e5 13. Qxf5 exd4 14. Nce4
Nxe4 15. Qxh7# 1-0

[Event "aut_ych0810_2008"]
[Site "Scharzach - St. Veit"]
[Date "2008.06.07"]
[Round "5.7"]
[White "Estomo, Jose"]
[Black "Högl, Emanuel"]
[Result "0-1"]
[WhiteElo "1316"]
[BlackElo "1356"]
[PlyCount "110"]
[EventDate "2008.06.06"]

1. e4 c5 2. Bc4 e6 3. Nf3 a6 4. Nc3 b5 5. Bd3 Bb7 6. O-O Be7 7. a4 Nf6 8. axb5
axb5 9. Rxa8 Bxa8 10. Nxb5 Nc6 11. e5 Nd5 12. c4 Ndb4 13. Be4 O-O 14. Bxc6 Bxc6
15. d3 d5 16. Na7 dxc4 17. dxc4 Qxd1 18. Rxd1 Rd8 19. Rxd8+ Bxd8 20. Nxc6 Nxc6
21. Be3 Bc7 22. Bxc5 Nxe5 23. Nxe5 Bxe5 24. b4 f6 25. Be7 Kf7 26. Bd8 Ke8 27.
Ba5 Kd7 28. c5 Kc6 29. g3 Bc7 30. Kg2 Bxa5 31. bxa5 Kb5 32. f4 Kxa5 33. Kf3 Kb5
34. Ke4 Kxc5 35. f5 exf5+ 36. Kxf5 Kd6 37. g4 Ke7 38. g5 fxg5 39. Kxg5 Kf7 40.
Kg4 Kf6 41. h4 h6 42. h5 g5 43. Kh3 Kf5 44. Kg3 g4 45. Kh2 Kf4 46. Kg2 g3 47.
Kg1 Kg4 48. Kg2 Kh4 49. Kg1 Kxh5 50. Kg2 Kg4 51. Kg1 h5 52. Kg2 h4 53. Kg1 Kf3
54. Kh1 g2+ 55. Kg1 h3 0-1

[Event "aut_ych0810_2008"]
[Site "Scharzach - St. Veit"]
[Date "2008.06.07"]
[Round "5.8"]
[White "Goetz, Christoph"]
[Black "Hoeffernig, Leon"]
[Result "1-0"]
[WhiteElo "1282"]
[BlackElo "1200"]
[PlyCount "37"]
[EventDate "2008.06.06"]

1. e4 e5 2. Nf3 Nc6 3. Bc4 h6 4. Nc3 Nf6 5. O-O Bd6 6. d3 O-O 7. Bd2 Nd4 8.
Nxd4 exd4 9. Ne2 Ng4 10. h3 Bh2+ 11. Kh1 Nxf2+ 12. Rxf2 Be5 13. Bf4 Qe7 14. Qf1
g5 15. Bxe5 Qxe5 16. Bxf7+ Kh7 17. Bg6+ Kxg6 18. Rxf8 d6 19. Qf7# 1-0

[Event "aut_ych0810_2008"]
[Site "Scharzach - St. Veit"]
[Date "2008.06.07"]
[Round "6.1"]
[White "Huber, Martin Christian"]
[Black "Hofer, Emilian"]
[Result "1-0"]
[WhiteElo "1686"]
[BlackElo "1603"]
[PlyCount "91"]
[EventDate "2008.06.06"]

1. e4 e5 2. Nf3 Nc6 3. Bb5 a6 4. Ba4 b5 5. Bb3 Nf6 6. Ng5 Bc5 7. Nxf7 Qe7 8.
Nxh8 Nd4 9. c3 Nxb3 10. Qxb3 Qf8 11. Qf7+ Qxf7 12. Nxf7 Kxf7 13. d3 Ng4 14. O-O
Bb7 15. h3 Nxf2 16. Rxf2+ Kg6 17. Kf1 Bxf2 18. Kxf2 Rf8+ 19. Ke2 d5 20. exd5
Bxd5 21. g3 Bf3+ 22. Ke3 Bg2 23. Nd2 Bxh3 24. Nf3 Kf6 25. Bd2 h6 26. d4 exd4+
27. cxd4 Ke6 28. Ne5 c5 29. Ng6 cxd4+ 30. Kxd4 Rd8+ 31. Ke3 Bf5 32. Nf4+ Kf7
33. Bc3 g5 34. Ne2 Rd3+ 35. Kf2 Bg4 36. Re1 Rf3+ 37. Kg2 h5 38. Nd4 Rd3 39.
Rf1+ Kg8 40. Nf5 Kh7 41. Ne7 b4 42. Rf7+ Kh6 43. Bg7+ Kh7 44. Bf8+ Kh8 45. Ng6+
Kg8 46. Rg7# 1-0

[Event "aut_ych0810_2008"]
[Site "Scharzach - St. Veit"]
[Date "2008.06.07"]
[Round "6.2"]
[White "Petrik-Schweifer, Adam"]
[Black "Gludovatz, Lukas"]
[Result "0-1"]
[WhiteElo "1315"]
[BlackElo "1481"]
[PlyCount "92"]
[EventDate "2008.06.06"]

1. d4 c5 2. dxc5 e6 3. Nf3 Bxc5 4. Nc3 Nc6 5. Bf4 Nf6 6. e3 O-O 7. Bb5 a6 8.
Bxc6 dxc6 9. Qxd8 Rxd8 10. O-O Bb4 11. Rad1 Rxd1 12. Rxd1 Bd7 13. Bg5 Bxc3 14.
bxc3 Rd8 15. Bxf6 gxf6 16. e4 e5 17. Nh4 Kf8 18. Nf5 Ke8 19. Nd6+ Ke7 20. Nxb7
Rb8 21. Nc5 Bc8 22. h3 Rb2 23. a4 Rxc2 24. Rd3 Be6 25. Nxa6 Bc4 26. Nb4 Bxd3
27. Nxc2 Bxc2 28. a5 Bd3 29. f3 Kd6 30. Kf2 Kc5 31. Ke3 Ba6 32. f4 Kc4 33. fxe5
fxe5 34. Kd2 Kb5 35. Ke3 Kxa5 36. Kf3 Ka4 37. Kg4 Kb3 38. Kf5 Kxc3 39. Kxe5 Kd3
40. Kd6 Kxe4 41. Kxc6 Kf4 42. Kb6 Kg3 43. Kxa6 f5 44. Ka5 f4 45. Ka4 Kxg2 46.
Ka3 f3 0-1

[Event "aut_ych0810_2008"]
[Site "Scharzach - St. Veit"]
[Date "2008.06.07"]
[Round "6.3"]
[White "Hofer, Maximilian"]
[Black "Steiner, Martin"]
[Result "0-1"]
[WhiteElo "1423"]
[BlackElo "1377"]
[PlyCount "28"]
[EventDate "2008.06.06"]

1. e4 e6 2. d4 d5 3. e5 c5 4. c3 Nc6 5. Nf3 b6 6. Be2 f6 7. Bb5 Bb7 8. O-O a6
9. Bd3 Qc7 10. Be3 fxe5 11. dxe5 Nxe5 12. Nxe5 Qc6 13. Bc2 d4 14. cxd4 Qxg2#
0-1

[Event "aut_ych0810_2008"]
[Site "Scharzach - St. Veit"]
[Date "2008.06.07"]
[Round "6.4"]
[White "Jakob, Tobias"]
[Black "Gerhold, Florian"]
[Result "0-1"]
[WhiteElo "1319"]
[BlackElo "1388"]
[PlyCount "64"]
[EventDate "2008.06.06"]

1. e4 e5 2. Nf3 Nc6 3. d4 exd4 4. Bc4 Nf6 5. e5 d5 6. Bb5 Ne4 7. Nxd4 Bc5 8.
Be3 O-O 9. Nxc6 bxc6 10. Bxc6 Bxe3 11. fxe3 Qh4+ 12. g3 Nxg3 13. Bxa8 Ne4+ 14.
Ke2 Ba6+ 15. Qd3 Bxd3+ 16. cxd3 Qf2+ 17. Kd1 Qf3+ 18. Kc2 Qxh1 19. Bxd5 Qxh2+
20. Kc1 Qg1+ 21. Kc2 Qf2+ 22. Kc1 Qxe3+ 23. Kc2 Nf2 24. Bc4 Qe2+ 25. Kc3 Qxe5+
26. Kc2 Rb8 27. Nc3 Qh2 28. Re1 Rd8 29. d4 h6 30. d5 g5 31. Re2 Qf4 32. Re7
Qxc4 0-1

[Event "aut_ych0810_2008"]
[Site "Scharzach - St. Veit"]
[Date "2008.06.07"]
[Round "6.5"]
[White "Proyer, Enno"]
[Black "Goetz, Christoph"]
[Result "1-0"]
[WhiteElo "1372"]
[BlackElo "1282"]
[PlyCount "77"]
[EventDate "2008.06.06"]

1. e4 e5 2. Nf3 d6 3. d4 exd4 4. Nxd4 Nf6 5. Nc3 Be7 6. Bd3 O-O 7. O-O Nc6 8.
Nxc6 bxc6 9. Bg5 Be6 10. Re1 Ng4 11. Bxe7 Qxe7 12. h3 Nf6 13. Qf3 Qd7 14. Rad1
Rab8 15. b3 h6 16. Qe3 Ra8 17. e5 dxe5 18. Bh7+ Nxh7 19. Rxd7 Bxd7 20. Rd1 Be8
21. Qxe5 Rc8 22. Qc5 Nf6 23. Qxa7 Bd7 24. a4 Rfd8 25. Qc5 Kh7 26. f3 g5 27. a5
Kg6 28. a6 h5 29. a7 g4 30. hxg4 hxg4 31. fxg4 Re8 32. g5 Nd5 33. Nxd5 cxd5 34.
Rxd5 Bg4 35. Qc6+ Kg7 36. Qh6+ Kg8 37. g6 c6 38. Qh7+ Kf8 39. Qxf7# 1-0

[Event "aut_ych0810_2008"]
[Site "Scharzach - St. Veit"]
[Date "2008.06.07"]
[Round "6.6"]
[White "Calovi, Luca"]
[Black "Högl, Emanuel"]
[Result "1/2-1/2"]
[WhiteElo "1363"]
[BlackElo "1356"]
[PlyCount "124"]
[EventDate "2008.06.06"]

1. e4 c5 2. Nf3 e6 3. c3 b6 4. d4 cxd4 5. cxd4 Bb7 6. Bd3 Nf6 7. Nc3 Be7 8. O-O
O-O 9. Be3 d5 10. Qc2 dxe4 11. Nxe4 Nxe4 12. Bxe4 Bxe4 13. Qxe4 Nd7 14. Rac1
Nf6 15. Qb7 Qd7 16. Qxd7 Nxd7 17. Rc7 Rfd8 18. Ng5 Bd6 19. Rb7 h6 20. Ne4 Nf8
21. Nxd6 Rxd6 22. Rc1 Rd7 23. Rcc7 Rxc7 24. Rxc7 Ng6 25. h3 Nh4 26. b4 Nf5 27.
a4 Nxe3 28. fxe3 a5 29. Rc4 Kh7 30. e4 Rb8 31. b5 Kg6 32. Rc6 f5 33. Rxe6+ Kg5
34. exf5 Kxf5 35. Re7 Rd8 36. Rxg7 Rxd4 37. Rb7 Rxa4 38. Rxb6 Kf4 39. Kh2 Rb4
40. Rxh6 Rxb5 41. Rh4+ Kg5 42. Rg4+ Kf5 43. Rd4 Ke5 44. Ra4 Kf5 45. h4 Kg6 46.
g3 Kh5 47. Kh3 Re5 48. Rd4 Rc5 49. Rd6 Rc3 50. Rd5+ Kg6 51. Rxa5 Rd3 52. h5+
Kh6 53. Kh4 Rd1 54. Ra6+ Kg7 55. g4 Rd4 56. h6+ Kh7 57. Kh5 Rd5+ 58. g5 Rd2 59.
Ra7+ Kh8 60. h7 Rh2+ 61. Kg6 Rh6+ 62. Kf5 Rf6+ 1/2-1/2

[Event "aut_ych0810_2008"]
[Site "Scharzach - St. Veit"]
[Date "2008.06.07"]
[Round "6.7"]
[White "Kaschka, Jonas"]
[Black "Zoehrer, Gregor"]
[Result "1/2-1/2"]
[WhiteElo "1437"]
[BlackElo "1394"]
[PlyCount "60"]
[EventDate "2008.06.06"]

1. e4 d5 2. exd5 Qxd5 3. Nc3 Qa5 4. d4 Nf6 5. Nf3 Bf5 6. Bc4 e6 7. O-O c6 8.
Ne5 Bd6 9. Bf4 Qc7 10. Re1 O-O 11. Qe2 b5 12. Bd3 Bxd3 13. Qxd3 Nbd7 14. Qg3
Nh5 15. Qg4 Ndf6 16. Qh4 h6 17. Ne4 Nxf4 18. Nxf6+ gxf6 19. Qxf4 fxe5 20. dxe5
Bc5 21. Qxh6 Qb6 22. Kh1 Be7 23. Re4 f5 24. exf6 Bxf6 25. Qg6+ Bg7 26. Rg4 Rf7
27. Qxe6 Qxf2 28. g3 Qf3+ 29. Kg1 Qf2+ 30. Kh1 Qf3+ 1/2-1/2

[Event "aut_ych0810_2008"]
[Site "Scharzach - St. Veit"]
[Date "2008.06.07"]
[Round "6.8"]
[White "Hoeffernig, Leon"]
[Black "Estomo, Jose"]
[Result "1-0"]
[WhiteElo "1200"]
[BlackElo "1316"]
[PlyCount "53"]
[EventDate "2008.06.06"]

1. e4 e5 2. Nf3 Nc6 3. Nc3 Nf6 4. Bb5 Bc5 5. h3 d6 6. d3 O-O 7. Bxc6 bxc6 8.
O-O d5 9. Nxe5 Qd6 10. d4 Bb4 11. f3 c5 12. a3 Ba5 13. Bd2 cxd4 14. b4 Qxe5 15.
f4 Qh5 16. Qxh5 Nxh5 17. bxa5 dxc3 18. Bxc3 dxe4 19. Bb4 Re8 20. Rad1 e3 21. c3
e2 22. Kf2 exd1=Q 23. Rxd1 Nxf4 24. g3 Nxh3+ 25. Kg2 Ng5 26. Be7 Rxe7 27. Rd8+
1-0

[Event "aut_ych0810_2008"]
[Site "Scharzach - St. Veit"]
[Date "2008.06.08"]
[Round "7.2"]
[White "Gludovatz, Lukas"]
[Black "Steiner, Martin"]
[Result "0-1"]
[WhiteElo "1481"]
[BlackElo "1377"]
[PlyCount "72"]
[EventDate "2008.06.06"]

1. e4 c5 2. d4 cxd4 3. c3 dxc3 4. Nxc3 Nc6 5. Nf3 e6 6. Bc4 Qc7 7. O-O Nf6 8.
h3 h5 9. Be3 Ng4 10. Qd2 Nxe3 11. Qxe3 Nb4 12. Qe2 a6 13. a3 b5 14. Bxb5 axb5
15. axb4 Rxa1 16. Rxa1 Bxb4 17. Nxb5 Qb6 18. Ra8 O-O 19. Nc3 Qc6 20. Ra4 Bxc3
21. Rc4 Qa6 22. bxc3 d5 23. Ng5 g6 24. exd5 exd5 25. Ne4 dxc4 26. Kh1 Bb7 27.
Nc5 Qc6 28. Nxb7 Qxb7 29. Qxc4 Re8 30. Kh2 Qb8+ 31. g3 Qa7 32. Kg2 Qe7 33. Qd3
Qe4+ 34. Qxe4 Rxe4 35. Kf3 Rc4 36. Kg2 Rxc3 0-1

[Event "aut_ych0810_2008"]
[Site "Scharzach - St. Veit"]
[Date "2008.06.08"]
[Round "7.3"]
[White "Proyer, Enno"]
[Black "Hofer, Maximilian"]
[Result "0-1"]
[WhiteElo "1372"]
[BlackElo "1423"]
[PlyCount "72"]
[EventDate "2008.06.06"]

1. e4 e5 2. Nf3 Nc6 3. Bc4 Bc5 4. c3 d6 5. d3 Nf6 6. Nbd2 O-O 7. h3 Nh5 8. b4
Bb6 9. a4 a6 10. Nf1 Nf4 11. Bxf4 exf4 12. Qd2 Qf6 13. N1h2 Ne5 14. Bb3 Nxf3+
15. Nxf3 Be6 16. Bc2 a5 17. b5 Rfe8 18. O-O-O Rab8 19. Rde1 Qe7 20. d4 c6 21.
d5 Bd7 22. Qd3 g6 23. Re2 Qd8 24. c4 cxb5 25. cxb5 Rc8 26. Kd2 Bc5 27. h4 Bb4+
28. Kd1 Bg4 29. Qd4 b6 30. Bd3 Bc3 31. Qxc3 Rxc3 32. Kd2 Rc8 33. Ree1 Bxf3 34.
gxf3 Qf6 35. h5 Qb2+ 36. Kd1 Rc1# 0-1

[Event "aut_ych0810_2008"]
[Site "Scharzach - St. Veit"]
[Date "2008.06.08"]
[Round "7.4"]
[White "Högl, Emanuel"]
[Black "Petrik-Schweifer, Adam"]
[Result "1-0"]
[WhiteElo "1356"]
[BlackElo "1315"]
[PlyCount "71"]
[EventDate "2008.06.06"]

1. c4 e5 2. e3 Nc6 3. Be2 Nf6 4. b3 Bb4 5. Bb2 O-O 6. Nf3 d6 7. O-O Bg4 8. d4
exd4 9. exd4 Bxf3 10. Bxf3 Re8 11. Bc3 Bxc3 12. Nxc3 Ne7 13. Bxb7 Rb8 14. Bf3
Nf5 15. Qd3 Nh4 16. h3 Nd7 17. Be4 g6 18. Bc6 Rb6 19. Bf3 Qg5 20. Ne4 Qf4 21.
Bg4 Rxe4 22. Bxd7 Rxd4 23. Qe3 Qf6 24. Qg3 Ra6 25. Bb5 Ra5 26. Rfe1 a6 27. Bc6
Rg5 28. Qe3 Nxg2 29. Bxg2 c5 30. h4 Rxh4 31. Qe7 Qf5 32. Qxd6 Qg4 33. Re8+ Kg7
34. Qf8+ Kf6 35. Qh8+ Kf5 36. Qe5# 1-0

[Event "aut_ych0810_2008"]
[Site "Scharzach - St. Veit"]
[Date "2008.06.08"]
[Round "7.5"]
[White "Hofer, Emilian"]
[Black "Kaschka, Jonas"]
[Result "1-0"]
[WhiteElo "1603"]
[BlackElo "1437"]
[PlyCount "47"]
[EventDate "2008.06.06"]

1. e4 c5 2. Nf3 Nc6 3. d4 cxd4 4. Nxd4 Nf6 5. Nc3 e5 6. Ndb5 d6 7. Bg5 a6 8.
Na3 b5 9. Nd5 Be7 10. Bxf6 Bxf6 11. c3 O-O 12. Nc2 Rb8 13. Nce3 Bg5 14. h4 Be7
15. a4 bxa4 16. Rxa4 Rxb2 17. Qc1 Rb8 18. Bxa6 Ra8 19. Bb5 Rxa4 20. Bxa4 Bb7
21. Qd1 Qd7 22. Nf5 Bd8 23. Qg4 Qe6 24. Qxg7# 1-0

[Event "aut_ych0810_2008"]
[Site "Scharzach - St. Veit"]
[Date "2008.06.08"]
[Round "7.6"]
[White "Zoehrer, Gregor"]
[Black "Calovi, Luca"]
[Result "1-0"]
[WhiteElo "1394"]
[BlackElo "1363"]
[PlyCount "79"]
[EventDate "2008.06.06"]

1. e4 e5 2. Nf3 Nc6 3. Bc4 h6 4. Nc3 Nf6 5. d3 Bc5 6. O-O d6 7. h3 Be6 8. Bb3
O-O 9. Be3 Nd4 10. Nxd4 exd4 11. Nd5 Bxd5 12. exd5 dxe3 13. fxe3 Bxe3+ 14. Kh1
Qe7 15. Re1 Rae8 16. Ba4 Rc8 17. Qe2 Nxd5 18. Bb3 Nf6 19. Qxe3 Qxe3 20. Rxe3
Rfe8 21. Rae1 Rxe3 22. Rxe3 b5 23. Re7 d5 24. c4 dxc4 25. dxc4 bxc4 26. Bxc4
Kh7 27. Rxf7 Nh5 28. Bd3+ Kh8 29. g4 Rd8 30. Bg6 Nf6 31. Kg2 Rd2+ 32. Kf3 Rxb2
33. Rf8+ Ng8 34. Bf7 Rb1 35. Rxg8+ Kh7 36. Rf8 c5 37. a3 Rc1 38. h4 c4 39. h5
c3 40. Bg6# 1-0

[Event "aut_ych0810_2008"]
[Site "Scharzach - St. Veit"]
[Date "2008.06.08"]
[Round "7.7"]
[White "Hoeffernig, Leon"]
[Black "Jakob, Tobias"]
[Result "0-1"]
[WhiteElo "1200"]
[BlackElo "1319"]
[PlyCount "76"]
[EventDate "2008.06.06"]

1. e4 c5 2. c4 Nc6 3. Nc3 g6 4. Nf3 Bg7 5. Bd3 d6 6. O-O Nf6 7. h3 O-O 8. Qe2
Bd7 9. Nd5 Nxd5 10. exd5 Nd4 11. Nxd4 cxd4 12. Bc2 Re8 13. Qf3 Rc8 14. d3 Qb6
15. b3 e6 16. dxe6 fxe6 17. Bg5 Bc6 18. Qg3 Qa5 19. Qxd6 Qxg5 20. g3 Be5 21. h4
Bxd6 22. hxg5 Kg7 23. f4 Rf8 24. Rae1 Rce8 25. Bd1 e5 26. fxe5 Rxf1+ 27. Rxf1
Bxe5 28. Re1 Bxg3 29. Rxe8 Bxe8 30. Bf3 Bc6 31. Be2 Bf4 32. b4 Bxg5 33. b5 Bd7
34. Bf3 b6 35. a4 Bd8 36. a5 bxa5 37. c5 Bxb5 38. Bd5 a4 0-1

[Event "aut_ych0810_2008"]
[Site "Scharzach - St. Veit"]
[Date "2008.06.08"]
[Round "7.8"]
[White "Goetz, Christoph"]
[Black "Estomo, Jose"]
[Result "1-0"]
[WhiteElo "1282"]
[BlackElo "1316"]
[PlyCount "81"]
[EventDate "2008.06.06"]

1. e4 e5 2. Nf3 Nc6 3. Bc4 Nf6 4. Nc3 Bc5 5. O-O d6 6. h3 O-O 7. d3 Be6 8. Bb3
Nd4 9. Nxd4 Bxd4 10. Ne2 c5 11. c3 Qc8 12. Bxe6 fxe6 13. cxd4 cxd4 14. Bg5 Nh5
15. Be7 Rf7 16. Bxd6 Nf4 17. Bxe5 Nxe2+ 18. Qxe2 Qc5 19. Bg3 Rc8 20. Rac1 Qxc1
21. Rxc1 Rxc1+ 22. Kh2 Rf8 23. Bf4 Rxf4 24. Qd2 Rb1 25. Qxf4 Rxb2 26. Qb8+ Kf7
27. Qxa7 e5 28. a4 Kg6 29. a5 h5 30. a6 bxa6 31. Qxa6+ Kh7 32. Qe6 Rxf2 33.
Qxe5 g6 34. Qe7+ Kh6 35. e5 Rd2 36. Qa3 h4 37. e6 Re2 38. e7 Kg5 39. Qd6 Kh5
40. Qb6 Rxe7 41. g4+ 1-0